Which Songs are by Eason Chan? - Statistics

General Stats
  • This quiz has been taken 153 times
  • The average score is 8 of 30
Answers on the Grid
Answers color-coded by a green-red scale on the quiz's grid according to % correct below.
到此一游
浮誇
約定
富士山下
阿士匹靈
蒲公英的約定
獅子山下
傾城
亞氏保加
傷信
活躍症
二百年後
櫻花樹下
歲月如歌
夠鐘
你的世界末日
Merry Christmas
沙燕之歌
必殺技
我的快樂時代
黃金時代
雪花抄
天下無雙
葡萄成熟時
無雙
怕死
昨日
今日
明日
明年今日
1974
大哥
棉棉
飄飄飄飄
Shall We Dance
Shall We Talk
失戀
你給我聽好
探戈
King Kong
每天愛你多一些
最後的嬉皮士
第一個嬉皮士
The Order
最佳損友
陀飛輪
落水流花
苦瓜
囍帖街
裙下之臣
十年
黑玫瑰
瑪利奧派對
The Third Encounter
零下幾分鐘
不去也不來
沙龍
淘汰
十五號愛人
是但其求愛
 
Answer Stats
Answer % Correct
我的快樂時代
40%
最佳損友
40%
陀飛輪
40%
裙下之臣
40%
Shall We Talk
40%
富士山下
36%
歲月如歌
36%
葡萄成熟時
36%
沙龍
36%
淘汰
36%
浮誇
32%
黃金時代
32%
最後的嬉皮士
32%
十年
32%
瑪利奧派對
32%
明年今日
28%
Shall We Dance
28%
阿士匹靈
24%
苦瓜
24%
傷信
20%
天下無雙
20%
昨日
20%
飄飄飄飄
20%
今日
16%
King Kong
16%
到此一游
12%
怕死
12%
你給我聽好
12%
零下幾分鐘
12%
活躍症
8%
No matching quizzes found
Score Distribution
Percent of People with Each Score
Percentile by Number Answered
Your Score History
You have not taken this quiz